| 000 | 00655nam a2200205 a 4500 | ||
|---|---|---|---|
| 001 | 960 | ||
| 003 | CDMR | ||
| 005 | 20130930164536.0 | ||
| 008 | 130130s1989||||||||||||||||||||||||||||d | ||
| 020 | _a8474886775 | ||
| 040 |
_aCDMR _bcat _cCDMR |
||
| 100 | 1 |
_aComparato, Doc _9497 |
|
| 245 | 1 | 3 |
_aEl guió _b: art i tècnica d'escriure per al cinema i la televisió _cDoc Comparato |
| 260 |
_c1989 _bGeneralitat de Catalunya. Institut Català de Noves Professions _a[s.l.] |
||
| 300 |
_a210 p ; _c21 cm |
||
| 650 | 0 | 4 |
_aGuions cinematogràfics _9836 |
| 650 | 0 | 4 |
_aGuions televisius _93143 |
| 650 | 0 | 4 |
_aCinematografia _9748 _xProducció i direcció |
| 942 |
_cMON _2udc |
||
| 999 |
_c960 _d960 |
||